| 000 -LEADER |
| fixed length control field |
00697nam a22001577a 4500 |
| 005 - DATE AND TIME OF LATEST TRANSACTION |
| control field |
20240313153542.0 |
| 008 - FIXED-LENGTH DATA ELEMENTS--GENERAL INFORMATION |
| fixed length control field |
240313s1958 ru ||||| |||| 00| 0 rus d |
| 041 ## - LANGUAGE CODE |
| Language code of text/sound track or separate title |
rus |
| 080 ## - UNIVERSAL DECIMAL CLASSIFICATION NUMBER |
| Universal Decimal Classification number |
821.412'01-34 К-19 |
| 100 ## - MAIN ENTRY--PERSONAL NAME |
| Personal name |
Кацнельсон, И. С. |
| 9 (RLIN) |
21419 |
| 245 ## - TITLE STATEMENT |
| Title |
Фараон Хуфу и чародеи : |
| Remainder of title |
Сказки, повести, поучения Древнего Египта / |
| Statement of responsibility, etc. |
Составление, предисловие и примечания И.С. Кацнельсона. |
| 264 ## - PRODUCTION, PUBLICATION, DISTRIBUTION, MANUFACTURE, AND COPYRIGHT NOTICE |
| Place of production, publication, distribution, manufacture |
Москва : |
| Name of producer, publisher, distributor, manufacturer |
Гослитиздат, |
| Date of production, publication, distribution, manufacture, or copyright notice |
1958. |
| 300 ## - PHYSICAL DESCRIPTION |
| Extent |
262 с. : |
| Other physical details |
ил. ; |
| Dimensions |
21 см. |
| 653 ## - INDEX TERM--UNCONTROLLED |
| keyword |
ძველეგვიპტური პროზა |
| 942 ## - ADDED ENTRY ELEMENTS (KOHA) |
| Source of classification or shelving scheme |
|
| Koha item type |
წიგნი |